Vermögensmanagement für Familienunternehmer
Enregistré dans:
| Auteur principal: | |
|---|---|
| Format: | Livre |
| Langue: | allemand |
| Publié: |
Stuttgart
Schäffer-Poeschel Verlag
2011
|
| Édition: | 2. Aufl. |
| Sujets: | |
| Tags: |
Pas de tags, Soyez le premier à ajouter un tag!
|
MARC
| LEADER | 00000nam a2200000 4500 | ||
|---|---|---|---|
| 001 | 0235680 | ||
| 005 | 20230109100330.2 | ||
| 020 | |a 978-3-7910-2957-3 | ||
| 041 | 0 | |a ger | |
| 044 | |a DE | ||
| 245 | 1 | 0 | |a Vermögensmanagement für Familienunternehmer |c Christoph Mutter |
| 250 | |a 2. Aufl. | ||
| 264 | 1 | |a Stuttgart |b Schäffer-Poeschel Verlag |c 2011 | |
| 300 | |a xxii, 618 s. | ||
| 610 | 2 | 0 | |a podnikanie rodinné |
| 610 | 2 | 0 | |a manažment |
| 610 | 2 | 0 | |a plánovanie |
| 610 | 2 | 0 | |a stratégia podnikateľská |
| 610 | 2 | 0 | |a právo rodinné |
| 610 | 2 | 0 | |a právo dedičské |
| 610 | 2 | 0 | |a dedičstvo |
| 610 | 2 | 0 | |a aktíva |
| 610 | 2 | 0 | |a rozhodovanie |
| 610 | 2 | 0 | |a rozhodovanie podnikové |
| 100 | 1 | |a Mutter, Christoph | |